El libro jubilar de Pedro Henríquez Ureña / (Registro nro. 14332)

Detalles MARC
000 -LIDER
fixed length control field 01079nam a2200289 a 4500
001 - NÚMERO DE CONTROL
Identificador de número de control 000013697
003 - IDENTIFICACDOR DE NÚMERO DE CONTROL
control field DO-SdBNP
005 - DATE AND TIME OF LATEST TRANSACTION
control field 20221116121720.0
008 - ELEMENTOS DE LONGITUD FIJA
fixed length control field 091127s1984 dr 001 0 spa d
040 ## - FUENTE DE CATALOGACIÓN
Agencia que crea de manera original el registro DO-SdBNP
Idioma de catalogación spa
Agencia que realiza la transcripción BPMSU
082 #4 - NÚMERO DE CLASIFICACIÓN DECIMAL DE DEWEY
Classification number RD864.42
Item number H519L 1984
Edition number 22
245 03 - MENCIÓN DE TITULO
Título El libro jubilar de Pedro Henríquez Ureña /
Mención de responsabilidad compilacion y prólogo de Julio Jaime Julia.
260 ## - PUBLICACIÓN, DISTRIBUCIÓN, ETC. (PIE DE IMPRENTA)
Lugar de publicación, distribución, etc Santo Domingo :
Nombre del editor, distribuidor, etc. Publicaciones UNPHU,
Fecha de publicación, distribución, etc 1984.
300 ## - DESCRIPCIÓN FÍSICA
Extensión v. ;
Dimensiones 21 cm.
490 0# - MENCIÓN DE SERIES
Mención de serie Ediciones de la Universidad Nacional Pedro Henríquez Ureña.
500 ## - NOTA GENERAL
Nota general
590 ## - NOTA LOCAL
Enlace Inventariado, 2022/VM
600 ## - ENCABEZAMIENTO DE MATERIA--NOMBRE PERSONAL
Nombre personal Henríquez Ureña, Pedro
Fechas asociadas con el nombre 1884-1946
Subdivisión de forma Ensayos, conferencias, etc
650 #4 - ENCABEZAMIENTO DE MATERIA--TEMÁTICO
Término temático o nombre geográfico como elemento de entrada Autores dominicanos
Subdivisión temática general Crítica e interpretación
650 #4 - ENCABEZAMIENTO DE MATERIA--TEMÁTICO
Término temático o nombre geográfico como elemento de entrada Ensayos dominicanos
Subdivisión temática general Historia y crítica
650 #4 - ENCABEZAMIENTO DE MATERIA--TEMÁTICO
Término temático o nombre geográfico como elemento de entrada Literatura dominicana
700 1# - ASIENTO SECUNDARIO -- NOMBRE PERSONAL
Nombre personal Julia, Julio Jaime,
Fechas asociadas con el nombre 1922-1993
Mención de responsabilidad comp.
700 1# - ASIENTO SECUNDARIO -- NOMBRE PERSONAL
Nombre personal Henríquez Ureña, Pedro,
Fechas asociadas con el nombre 1884-1946.
710 2# - ASIENTO SECUNDARIO -- NOMBRE CORPORATIVO
Nombre corporativo o de jurisdicción Universidad Nacional Pedro Henríquez Ureña (República Dominicana)
910 ## - VALIDACIÓN
Validación VMateo V./Validado
942 ## - ADDED ENTRY ELEMENTS (KOHA)
Source of classification or shelving scheme Dewey Decimal Classification
Koha item type Libros
Existencias
Withdrawn status Lost status Source of classification or shelving scheme Damaged status Not for loan Collection code Home library Current library Date acquired Full call number Barcode Date last seen Price effective from Koha item type
    Dewey Decimal Classification     Colección Dominicana Biblioteca Pública Metropolitana Salomé Ureña Biblioteca Pública Metropolitana Salomé Ureña 11/16/2022 BPMSU CD RD864.42 H519L 1984 BPMSU22110018 11/16/2022 11/16/2022 Libros